000 00296nam a2200109Ia 4500
008 190216s9999||||xx |||||||||||||| ||und||
100 _aPillai R S N&Amp; Bagavathi
245 0 _aCommercial Correspondence And Office Management
260 _bSulthan Chand&Sons
_c1997
300 _a472p
942 _cBK
999 _c5795
_d5795